000 00612nam a2200241Ia 4500
003 OSt
005 20220912152953.0
006 a|||||r|||| 00| 0
007 ta
008 220909b |||||||| |||| 00| 0 eng d
024 _a27428
037 _cTextual
040 _aCSL
_beng
_cCSL
041 _aeng
082 _aB7:2, K6
100 _aLehnigk S H
245 0 _aStability theorems for linear motions
260 _c1966
300 _ap.
_ccm.
490 _aprentiec-hall international series in applied mathenatics
942 _hB7:2, K6
_cTEXL
_2CC
999 _c95248
_d95248